000 01289cam a2200325 a 4500
001 000015365
005 20251202111711.0
008 830808s1997 sp a 000 0 spa d
020 _a9682999146
035 _a(DLC) 74158117
040 _aDO-SdBNP
_bspa
_cBNPHU
_dDLC
082 _a223.8
_bM538h
100 1 _aMendieta, Gerónimo de,
_d1525-1604.
_cFray
_934728
245 1 0 _aHistoria eclesiática indiana /
_cFray Gerónimo de Mendieta ; noticias del autor y de la obra Joaquín García Icazbalceta ; estudio preliminar Antonio Rubial García.
260 _aMéxico :
_bCien de México ;
_bConsejo Nacional para la Cultura,
_c1997.
300 _av. :
_bil. ;
_c21 cm.
500 _aLa biblioteca posee el volumen 2.
650 4 _aHistoria eclesiástica
_934729
600 1 4 _aTORQUEMADA, JUAN DE,
_d1557-1624
_934730
650 4 _aIglesia católica
_xHistoria
_zAmérica Latina
_934731
650 4 _aMisiones indigenas
_934732
650 4 _aIndígenas de méxico
_xMisiones
_934733
650 4 _aIndígenas de méxico
_xReligión y mitología
_934734
650 0 _aIndios de las Antillas
_91049
650 4 _aEvangelización
_9476
700 1 _aGarcía Icazbalceta, Joaquín.
_934735
700 1 _aRubial García, Antonio.
_922684
910 _aCatalogación derivada
049 _aBNGR
999 _c14930
_d14930